000 00495nam a2200157 i 4500
001 52541
003 ES-MaACL
005 20230906162612.0
007 t|
008 030901s1910 hu ||||1| fre d
245 0 0 _aChemins de fer royaux de l'Etat Hongrois
_b: la grande plaine hongroise et la Transylvanie.
260 _aBudapest :
_bInstitut Graphique de la Cour,
_c1910.
300 _a47 p. :
_bil. ;
_c19 cm.
650 4 _aFerrocarriles-
_zHungrĂ­a.
_9155866
852 _aES-MaACL
_jT-1206-F-6
999 _c52541
_d52541